[Event "European Chess Club Cup 2023"]
[Site "Durres, Albania"]
[Date "2023.10.01"]
[Round "1.67"]
[White "Mikhalevski, Victor"]
[Black "Naoum, Spyridon"]
[Result "1-0"]
[TimeControl "90' + 30' & 30\""]
[WhiteElo "2527"]
[BlackElo "2355"]

1. Nf3 {[%clk 01:30:54]} {[%emt 00:00:03]} Nf6 {[%clk 01:28:56]} {[%emt
00:02:05]} 2. g3 {[%clk 01:31:03]} {[%emt 00:00:21]} g6 {[%clk 01:29:21]}
{[%emt 00:00:05]} 3. Bg2 {[%clk 01:31:26]} {[%emt 00:00:07]} Bg7 {[%clk
01:29:46]} {[%emt 00:00:05]} 4. d4 {[%clk 01:31:42]} {[%emt 00:00:14]} O-O
{[%clk 01:30:09]} {[%emt 00:00:07]} 5. c4 {[%clk 01:31:54]} {[%emt 00:00:18]}
d6 {[%clk 01:30:34]} {[%emt 00:00:05]} 6. O-O {[%clk 01:32:15]} {[%emt
00:00:10]} c6 {[%clk 01:30:57]} {[%emt 00:00:07]} 7. Nc3 {[%clk 01:32:30]}
{[%emt 00:00:15]} Bf5 {[%clk 01:31:22]} {[%emt 00:00:04]} 8. Nh4 {[%clk
01:29:14]} {[%emt 00:03:45]} Be6 {[%clk 01:31:42]} {[%emt 00:00:11]} 9. b3
{[%clk 01:29:09]} {[%emt 00:00:35]} d5 {[%clk 01:32:00]} {[%emt 00:00:12]} 10.
Rb1 {[%clk 01:19:52]} {[%emt 00:09:47]} h6 {[%clk 01:24:22]} {[%emt 00:08:08]}
11. f4 {[%clk 01:11:39]} {[%emt 00:08:42]} Bf5 {[%clk 01:07:45]} {[%emt
00:17:08]} 12. Nxf5 {[%clk 01:10:42]} {[%emt 00:01:27]} gxf5 {[%clk 01:08:14]}
{[%emt 00:00:01]} 13. e3 {[%clk 01:06:14]} {[%emt 00:04:58]} e6 {[%clk
01:07:23]} {[%emt 00:01:22]} 14. h3 {[%clk 01:05:41]} {[%emt 00:01:02]} Nbd7
{[%clk 01:01:24]} {[%emt 00:06:29]} 15. Bb2 {[%clk 00:52:18]} {[%emt 00:13:53]}
Ne4 {[%clk 01:00:36]} {[%emt 00:01:19]} 16. Nxe4 {[%clk 00:48:53]} {[%emt
00:03:55]} fxe4 {[%clk 01:00:56]} {[%emt 00:00:09]} 17. f5 {[%clk 00:49:13]}
{[%emt 00:00:10]} Qg5 {[%clk 00:57:01]} {[%emt 00:04:26]} 18. Qe1 {[%clk
00:43:11]} {[%emt 00:06:31]} e5 {[%clk 00:55:07]} {[%emt 00:02:25]} 19. g4
{[%clk 00:30:43]} {[%emt 00:12:57]} Rfe8 {[%clk 00:52:07]} {[%emt 00:03:30]} 20.
cxd5 {[%clk 00:26:29]} {[%emt 00:04:44]} cxd5 {[%clk 00:52:34]} {[%emt
00:00:03]} 21. f6 {[%clk 00:26:52]} {[%emt 00:00:07]} Bxf6 {[%clk 00:49:59]}
{[%emt 00:03:06]} 22. Rf5 {[%clk 00:27:12]} {[%emt 00:00:10]} Qg7 {[%clk
00:49:28]} {[%emt 00:01:00]} 23. Qa5 {[%clk 00:24:27]} {[%emt 00:03:16]} exd4
{[%clk 00:38:47]} {[%emt 00:11:11]} 24. Rbf1 {[%clk 00:23:30]} {[%emt
00:01:26]} dxe3 {[%clk 00:21:27]} {[%emt 00:17:50]} 25. Rxf6 {[%clk 00:18:58]}
{[%emt 00:05:01]} e2 {[%clk 00:19:05]} {[%emt 00:02:53]} 26. R1f5 {[%clk
00:17:41]} {[%emt 00:01:47]} Rac8 {[%clk 00:16:47]} {[%emt 00:02:48]} 27. Qe1
{[%clk 00:14:28]} {[%emt 00:03:42]} Rc2 {[%clk 00:14:36]} {[%emt 00:02:43]} 28.
Re6 {[%clk 00:10:34]} {[%emt 00:04:23]} Qxb2 {[%clk 00:03:50]} {[%emt
00:11:16]} 29. Rxe8+ {[%clk 00:10:56]} {[%emt 00:00:07]} Kg7 {[%clk 00:04:20]}
30. Kh2 {[%clk 00:11:13]} {[%emt 00:00:14]} Nf6 {[%clk 00:04:17]} {[%emt
00:00:33]} 31. Re7 {[%clk 00:04:27]} {[%emt 00:07:16]} Rc1 {[%clk 00:02:57]}
{[%emt 00:01:50]} 32. Rxf6 {[%clk 00:04:48]} {[%emt 00:00:10]} Kxf6 {[%clk
00:01:13]} {[%emt 00:02:13]} 33. Qh4+ {[%clk 00:05:03]} {[%emt 00:00:15]} Kg7
{[%clk 00:01:43]} 34. g5 {[%clk 00:05:18]} {[%emt 00:00:16]} Rh1+ {[%clk
00:02:12]} {[%emt 00:00:01]} 35. Kxh1 {[%clk 00:05:35]} {[%emt 00:00:12]} Qc1+
{[%clk 00:02:18]} {[%emt 00:00:24]} 36. Kh2 {[%clk 00:06:01]} {[%emt 00:00:04]}
Qxg5 {[%clk 00:00:46]} {[%emt 00:02:03]} 37. Rxf7+ {[%clk 00:05:04]} {[%emt
00:01:27]} Kxf7 {[%clk 00:01:13]} {[%emt 00:00:03]} 38. Qf2+ {[%clk 00:05:29]}
{[%emt 00:00:04]} Ke6 {[%clk 00:01:30]} {[%emt 00:00:13]} 39. Qxe2 {[%clk
00:05:45]} {[%emt 00:00:15]} Ke5 {[%clk 00:01:01]} {[%emt 00:00:58]} 40. Qc2
{[%clk 00:02:49]} {[%emt 00:03:26]} Qf4+ {[%clk 00:01:16]} {[%emt 00:00:16]} 41.
Kh1 {[%clk 00:01:50]} {[%emt 00:01:28]} Qf7 {[%clk 00:01:45]} 42. Qc3+ {[%clk
00:25:52]} {[%emt 00:06:29]} Ke6 {[%clk 00:29:39]} {[%emt 00:02:37]} 43. Qc8+
{[%clk 00:14:27]} {[%emt 00:11:54]} Kf6 {[%clk 00:29:20]} {[%emt 00:00:49]} 44.
Qh8+ {[%clk 00:13:32]} {[%emt 00:01:25]} Kg6 {[%clk 00:29:29]} {[%emt
00:00:21]} 45. Qe5 {[%clk 00:12:16]} {[%emt 00:01:46]} b6 {[%clk 00:29:56]}
{[%emt 00:00:04]} 46. Kg1 {[%emt 00:02:15]} Qf5 {[%clk 00:29:25]} 47. Qd6+
{[%clk 00:10:15]} {[%emt 00:01:46]} Kg5 {[%clk 00:29:28]} {[%emt 00:00:27]} 48.
Bf1 {[%clk 00:08:53]} {[%emt 00:01:51]} h5 {[%clk 00:27:19]} {[%emt 00:02:40]}
49. Qg3+ {[%clk 00:04:17]} {[%emt 00:05:06]} Kf6 {[%clk 00:27:44]} {[%emt
00:00:05]} 50. Qd6+ {[%clk 00:04:41]} {[%emt 00:00:06]} Kg5 {[%clk 00:28:10]}
{[%emt 00:00:04]} 51. Qe7+ {[%clk 00:04:23]} {[%emt 00:00:48]} Kf4 {[%clk
00:26:55]} {[%emt 00:01:45]} 52. Qc7+ {[%clk 00:04:20]} {[%emt 00:00:33]} Ke3
{[%clk 00:23:10]} {[%emt 00:04:14]} 53. Qc1+ {[%clk 00:04:31]} {[%emt
00:00:20]} Kd4 {[%clk 00:23:30]} {[%emt 00:00:10]} 54. Qb2+ {[%clk 00:03:42]}
{[%emt 00:01:19]} Ke3 {[%clk 00:23:05]} {[%emt 00:00:55]} 55. Qc1+ {[%clk
00:02:53]} {[%emt 00:01:19]} Kd4 {[%clk 00:23:34]} 56. Qb2+ {[%clk 00:02:38]}
{[%emt 00:00:45]} Ke3 {[%clk 00:24:03]} {[%emt 00:00:01]} 57. Qc3+ {[%clk
00:03:04]} {[%emt 00:00:05]} Kf4 {[%clk 00:24:30]} {[%emt 00:00:02]} 58. Kf2
{[%clk 00:03:28]} {[%emt 00:00:06]} h4 {[%clk 00:24:22]} {[%emt 00:00:39]} 59.
Be2 {[%clk 00:03:25]} {[%emt 00:00:33]} Qf8 {[%clk 00:23:42]} {[%emt 00:01:08]}
60. Qc7+ {[%clk 00:02:54]} {[%emt 00:01:03]} Kg5+ {[%clk 00:22:58]} {[%emt
00:01:13]} 61. Ke3 {[%clk 00:03:22]} {[%emt 00:00:02]} Qf6 {[%clk 00:23:24]}
{[%emt 00:00:04]} 62. Bg4 {[%clk 00:03:39]} {[%emt 00:00:13]} Kg6 {[%clk
00:22:07]} {[%emt 00:01:47]} 63. b4 {[%clk 00:04:08]} {[%emt 00:00:01]} b5
{[%clk 00:16:19]} {[%emt 00:06:19]} 64. Qc8 {[%clk 00:03:56]} {[%emt 00:00:42]}
Qg5+ {[%clk 00:16:22]} {[%emt 00:00:26]} 65. Kd4 {[%clk 00:03:40]} {[%emt
00:00:46]} Qd2+ {[%clk 00:16:44]} {[%emt 00:00:08]} 66. Ke5 {[%clk 00:04:06]}
{[%emt 00:00:04]} e3 {[%clk 00:16:07]} {[%emt 00:01:07]} 67. Qg8+ {[%clk
00:03:19]} {[%emt 00:01:17]} Kh6 {[%clk 00:16:32]} {[%emt 00:00:05]} 68. Qh8+
{[%clk 00:03:37]} {[%emt 00:00:11]} Kg6 {[%clk 00:16:56]} {[%emt 00:00:07]} 69.
Bf5+ {[%clk 00:03:46]} {[%emt 00:00:21]} Kf7 {[%clk 00:17:04]} {[%emt
00:00:21]} 70. Qh7+ {[%clk 00:04:02]} {[%emt 00:00:15]} Kf8 {[%clk 00:17:30]}
{[%emt 00:00:04]} 1-0

[Event "European Chess Club Cup 2023"]
[Site "Durres, Albania"]
[Date "2023.10.01"]
[Round "1.68"]
[White "Patrelakis, Evaggelos"]
[Black "Kobo, Ori"]
[Result "1/2-1/2"]
[TimeControl "90' + 30' & 30\""]
[WhiteElo "2395"]
[BlackElo "2551"]

1. e4 {[%clk 01:30:57]} {[%emt 00:00:04]} c5 {[%clk 01:30:37]} {[%emt
00:00:20]} 2. Nf3 {[%clk 01:31:23]} {[%emt 00:00:06]} Nc6 {[%clk 01:30:53]}
{[%emt 00:00:15]} 3. Bb5 {[%clk 01:31:28]} {[%emt 00:00:25]} g6 {[%clk
01:30:50]} {[%emt 00:00:32]} 4. Bxc6 {[%clk 01:31:06]} {[%emt 00:00:53]} dxc6
{[%clk 01:30:50]} {[%emt 00:00:28]} 5. d3 {[%clk 01:31:19]} {[%emt 00:00:19]}
Bg7 {[%clk 01:30:05]} {[%emt 00:01:14]} 6. h3 {[%clk 01:30:33]} {[%emt
00:01:17]} Nf6 {[%clk 01:30:09]} {[%emt 00:00:26]} 7. Nc3 {[%clk 01:26:11]}
{[%emt 00:04:52]} Nd7 {[%clk 01:29:53]} {[%emt 00:00:44]} 8. Be3 {[%clk
01:23:04]} {[%emt 00:03:38]} e5 {[%clk 01:30:06]} {[%emt 00:00:17]} 9. Qd2
{[%clk 01:22:49]} {[%emt 00:00:46]} h6 {[%clk 01:30:13]} {[%emt 00:00:20]} 10.
O-O-O {[%clk 01:21:11]} {[%emt 00:02:11]} Qe7 {[%clk 01:26:12]} {[%emt
00:04:30]} 11. Nh2 {[%clk 01:17:45]} {[%emt 00:03:57]} Nf8 {[%clk 01:20:04]}
{[%emt 00:06:37]} 12. f4 {[%clk 01:08:54]} {[%emt 00:09:22]} exf4 {[%clk
01:19:10]} {[%emt 00:01:23]} 13. Bxf4 {[%clk 01:09:21]} {[%emt 00:00:04]} Ne6
{[%clk 01:16:36]} {[%emt 00:03:02]} 14. Be3 {[%clk 01:09:31]} {[%emt 00:00:22]}
Nd4 {[%clk 01:12:26]} {[%emt 00:04:40]} 15. Kb1 {[%clk 00:51:17]} {[%emt
00:18:43]} Be6 {[%clk 01:10:12]} {[%emt 00:02:42]} 16. Ne2 {[%clk 00:50:10]}
{[%emt 00:01:39]} Nxe2 {[%clk 00:54:29]} {[%emt 00:16:14]} 17. Qxe2 {[%clk
00:50:37]} {[%emt 00:00:03]} O-O-O {[%clk 00:54:35]} {[%emt 00:00:22]} 18. Nf3
{[%clk 00:45:01]} {[%emt 00:06:08]} Rhe8 {[%clk 00:48:46]} {[%emt 00:06:18]} 19.
Qd2 {[%clk 00:36:26]} {[%emt 00:09:06]} g5 {[%clk 00:45:36]} {[%emt 00:03:39]}
20. Rhe1 {[%clk 00:32:45]} {[%emt 00:04:12]} b6 {[%clk 00:42:12]} {[%emt
00:03:53]} 21. Qf2 {[%clk 00:25:19]} {[%emt 00:07:57]} f5 {[%clk 00:27:54]}
{[%emt 00:14:47]} 22. exf5 {[%clk 00:22:39]} {[%emt 00:03:11]} Qf6 {[%clk
00:28:10]} {[%emt 00:00:12]} 23. Bd4 {[%clk 00:17:07]} {[%emt 00:06:03]} Rxd4
{[%clk 00:28:19]} {[%emt 00:00:21]} 24. Rxe6 {[%clk 00:14:34]} {[%emt
00:03:03]} Rxe6 {[%clk 00:28:33]} {[%emt 00:00:16]} 25. fxe6 {[%clk 00:14:58]}
{[%emt 00:00:07]} Rd6 {[%clk 00:22:54]} {[%emt 00:06:08]} 26. c3 {[%clk
00:14:33]} {[%emt 00:00:56]} Qxe6 {[%clk 00:22:16]} {[%emt 00:01:07]} 27. Qc2
{[%clk 00:13:54]} {[%emt 00:01:10]} Qd7 {[%clk 00:17:01]} {[%emt 00:05:43]} 28.
Qe2 {[%clk 00:13:16]} {[%emt 00:01:09]} Re6 {[%clk 00:16:57]} {[%emt 00:00:34]}
29. Qd2 {[%clk 00:13:36]} {[%emt 00:00:10]} Bf6 {[%clk 00:15:55]} {[%emt
00:01:31]} 30. Kc2 {[%clk 00:10:02]} {[%emt 00:04:05]} Qd5 {[%clk 00:12:49]}
{[%emt 00:03:36]} 31. b3 {[%clk 00:10:21]} {[%emt 00:00:11]} h5 {[%clk
00:08:28]} {[%emt 00:04:51]} 32. Re1 {[%clk 00:09:04]} {[%emt 00:01:48]} g4
{[%clk 00:05:40]} {[%emt 00:03:18]} 33. hxg4 {[%clk 00:09:20]} {[%emt
00:00:13]} hxg4 {[%clk 00:05:56]} {[%emt 00:00:14]} 34. Rxe6 {[%clk 00:09:40]}
{[%emt 00:00:11]} Qxe6 {[%clk 00:06:23]} {[%emt 00:00:03]} 35. Ng5 {[%clk
00:09:44]} {[%emt 00:00:26]} Bxg5 {[%clk 00:06:01]} {[%emt 00:00:51]} 36. Qxg5
{[%clk 00:10:12]} {[%emt 00:00:02]} Qe2+ {[%clk 00:06:14]} {[%emt 00:00:16]} 37.
Qd2 {[%clk 00:10:36]} {[%emt 00:00:07]} Qf1 {[%clk 00:05:29]} {[%emt 00:01:15]}
38. a4 {[%clk 00:05:17]} {[%emt 00:05:50]} g3 {[%clk 00:00:52]} {[%emt
00:05:06]} 39. b4 {[%clk 00:04:01]} {[%emt 00:01:46]} c4 {[%clk 00:00:32]}
{[%emt 00:00:50]} 40. dxc4 {[%clk 00:02:40]} {[%emt 00:01:52]} Qxc4 {[%clk
00:00:59]} {[%emt 00:00:02]} 41. Qd6 {[%clk 00:01:46]} {[%emt 00:01:24]} a5
{[%clk 00:19:14]} {[%emt 00:12:15]} 42. Qxg3 {[%clk 00:25:56]} {[%emt
00:06:22]} axb4 {[%clk 00:17:40]} {[%emt 00:02:03]} 43. Qh3+ {[%clk 00:26:07]}
{[%emt 00:00:19]} Kb8 {[%clk 00:16:47]} {[%emt 00:01:21]} 44. Qh8+ {[%clk
00:14:02]} {[%emt 00:12:36]} Kb7 {[%clk 00:17:05]} {[%emt 00:00:13]} 45. Qh7+
{[%clk 00:11:20]} {[%emt 00:03:12]} Ka6 {[%clk 00:08:26]} {[%emt 00:09:09]} 46.
Qd3 {[%clk 00:11:48]} {[%emt 00:00:02]} b3+ {[%clk 00:08:24]} {[%emt 00:00:31]}
47. Kd2 {[%clk 00:12:16]} {[%emt 00:00:03]} Qxd3+ {[%clk 00:08:46]} {[%emt
00:00:08]} 48. Kxd3 {[%clk 00:12:44]} {[%emt 00:00:02]} Ka5 {[%clk 00:09:03]}
{[%emt 00:00:12]} 49. Kd2 {[%clk 00:13:03]} {[%emt 00:00:12]} Kxa4 {[%clk
00:09:28]} {[%emt 00:00:05]} 50. Kc1 {[%clk 00:13:28]} {[%emt 00:00:05]} Kb5
{[%clk 00:09:17]} {[%emt 00:00:41]} 51. Kb2 {[%clk 00:13:36]} {[%emt 00:00:22]}
Kc4 {[%clk 00:03:30]} {[%emt 00:06:17]} 52. g4 {[%clk 00:14:00]} {[%emt
00:00:06]} b5 {[%clk 00:02:11]} {[%emt 00:01:49]} 53. g5 {[%clk 00:14:23]}
{[%emt 00:00:07]} Kd5 {[%clk 00:02:36]} {[%emt 00:00:05]} 54. Kxb3 {[%clk
00:14:41]} {[%emt 00:00:11]} c5 {[%clk 00:02:55]} {[%emt 00:00:11]} 55. c4+
{[%clk 00:14:29]} {[%emt 00:00:43]} bxc4+ {[%clk 00:03:19]} {[%emt 00:00:06]}
56. Kc3 {[%clk 00:14:55]} {[%emt 00:00:04]} Ke6 {[%clk 00:03:42]} {[%emt
00:00:07]} 57. Kxc4 {[%clk 00:15:20]} {[%emt 00:00:05]} Kf5 {[%clk 00:04:09]}
{[%emt 00:00:03]} 58. g6 {[%clk 00:15:40]} {[%emt 00:00:10]} Kxg6 {[%clk
00:04:32]} {[%emt 00:00:06]} 59. Kxc5 {[%clk 00:16:06]} {[%emt 00:00:04]}
1/2-1/2

[Event "European Chess Club Cup 2023"]
[Site "Durres, Albania"]
[Date "2023.10.01"]
[Round "1.69"]
[White "Steinberg, Nitzan"]
[Black "Georgakopoulos, Nikolaos K."]
[Result "1-0"]
[TimeControl "90' + 30' & 30\""]
[WhiteElo "2543"]
[BlackElo "2116"]

1. e4 {[%clk 01:30:50]} {[%emt 00:00:11]} e6 {[%clk 01:30:56]} {[%emt
00:00:02]} 2. d4 {[%clk 01:30:57]} {[%emt 00:00:23]} d5 {[%clk 01:31:20]}
{[%emt 00:00:06]} 3. Nd2 {[%clk 01:31:18]} {[%emt 00:00:10]} c5 {[%clk
01:31:32]} {[%emt 00:00:17]} 4. Ngf3 {[%clk 01:31:12]} {[%emt 00:00:37]} cxd4
{[%clk 01:31:49]} {[%emt 00:00:12]} 5. Nxd4 {[%clk 01:31:35]} {[%emt 00:00:07]}
Nf6 {[%clk 01:32:10]} {[%emt 00:00:10]} 6. exd5 {[%clk 01:31:18]} {[%emt
00:00:45]} Qxd5 {[%clk 01:32:19]} {[%emt 00:00:23]} 7. Nb5 {[%clk 01:30:19]}
{[%emt 00:01:28]} Na6 {[%clk 01:32:39]} {[%emt 00:00:10]} 8. a3 {[%clk
01:28:17]} {[%emt 00:02:31]} Bd7 {[%clk 01:30:12]} {[%emt 00:02:58]} 9. Nc3
{[%clk 01:16:07]} {[%emt 00:12:40]} Qd6 {[%clk 01:28:30]} {[%emt 00:02:13]} 10.
Qe2 {[%clk 01:09:51]} {[%emt 00:06:46]} Nc5 {[%clk 01:13:36]} {[%emt 00:15:24]}
11. Nc4 {[%clk 01:06:54]} {[%emt 00:03:26]} Qc7 {[%clk 01:14:01]} {[%emt
00:00:06]} 12. Qe5 {[%clk 01:04:58]} {[%emt 00:02:26]} Qxe5+ {[%clk 01:05:54]}
{[%emt 00:08:37]} 13. Nxe5 {[%clk 01:05:22]} {[%emt 00:00:06]} Bd6 {[%clk
01:05:39]} {[%emt 00:00:45]} 14. Nxd7 {[%clk 01:03:04]} {[%emt 00:02:51]} Ncxd7
{[%clk 01:05:09]} {[%emt 00:00:56]} 15. Nb5 {[%clk 00:54:24]} {[%emt 00:09:11]}
Be5 {[%clk 01:04:04]} {[%emt 00:01:35]} 16. f4 {[%clk 00:54:33]} {[%emt
00:00:20]} Bb8 {[%clk 01:04:18]} {[%emt 00:00:16]} 17. Be2 {[%clk 00:48:08]}
{[%emt 00:06:55]} a6 {[%clk 01:00:35]} {[%emt 00:04:13]} 18. Nc3 {[%clk
00:48:22]} {[%emt 00:00:16]} Ba7 {[%clk 00:59:40]} {[%emt 00:01:26]} 19. Bd2
{[%clk 00:47:58]} {[%emt 00:00:54]} O-O-O {[%clk 00:56:35]} {[%emt 00:03:35]}
20. O-O-O {[%clk 00:48:19]} {[%emt 00:00:08]} h5 {[%clk 00:56:56]} {[%emt
00:00:09]} 21. h3 {[%clk 00:44:46]} {[%emt 00:04:03]} h4 {[%clk 00:45:30]}
{[%emt 00:11:56]} 22. Bf3 {[%clk 00:41:51]} {[%emt 00:03:25]} Bb6 {[%clk
00:22:11]} {[%emt 00:23:50]} 23. Rhe1 {[%clk 00:38:21]} {[%emt 00:03:59]} Bc7
{[%clk 00:20:24]} {[%emt 00:02:18]} 24. b3 {[%clk 00:28:54]} {[%emt 00:09:57]}
Nh5 {[%clk 00:13:56]} {[%emt 00:06:58]} 25. f5 {[%clk 00:23:07]} {[%emt
00:06:17]} exf5 {[%clk 00:13:14]} {[%emt 00:01:12]} 26. Nd5 {[%clk 00:21:59]}
{[%emt 00:01:38]} Bd6 {[%clk 00:01:09]} {[%emt 00:12:34]} 27. Ba5 {[%clk
00:18:20]} {[%emt 00:04:10]} b6 {[%clk 00:00:36]} {[%emt 00:01:03]} 28. Bxb6
{[%clk 00:17:21]} {[%emt 00:01:29]} Nxb6 {[%clk 00:00:32]} {[%emt 00:00:34]} 29.
Nxb6+ {[%clk 00:17:46]} {[%emt 00:00:05]} Kb8 {[%clk 00:00:32]} {[%emt
00:00:30]} 30. b4 {[%clk 00:14:07]} {[%emt 00:04:09]} Nf6 {[%clk 00:00:43]}
{[%emt 00:00:19]} 31. c4 {[%clk 00:13:10]} {[%emt 00:01:27]} g5 {[%clk
00:00:35]} {[%emt 00:00:37]} 32. Nd5 {[%clk 00:08:36]} {[%emt 00:05:04]} Nxd5
{[%clk 00:00:49]} {[%emt 00:00:16]} 33. Bxd5 {[%clk 00:08:53]} {[%emt
00:00:14]} Bf4+ {[%clk 00:00:32]} {[%emt 00:00:46]} 34. Kc2 {[%clk 00:09:19]}
{[%emt 00:00:05]} Rd7 {[%clk 00:00:41]} {[%emt 00:00:21]} 35. Kb3 {[%clk
00:08:53]} {[%emt 00:00:56]} Rhd8 {[%clk 00:00:38]} {[%emt 00:00:32]} 36. Rd3
{[%clk 00:09:19]} {[%emt 00:00:05]} Kc7 {[%clk 00:00:43]} {[%emt 00:00:25]} 37.
Ka4 {[%clk 00:06:17]} {[%emt 00:03:32]} Bg3 {[%clk 00:00:35]} {[%emt 00:00:38]}
38. Rf1 {[%clk 00:05:47]} {[%emt 00:01:00]} Bf4 {[%clk 00:01:00]} {[%emt
00:00:05]} 39. Ka5 {[%clk 00:03:57]} {[%emt 00:02:20]} Re8 {[%clk 00:00:59]}
{[%emt 00:00:30]} 40. Rfd1 {[%clk 00:01:54]} {[%emt 00:02:34]} Be3 {[%clk
00:00:35]} {[%emt 00:00:53]} 41. c5 {[%clk 00:27:49]} {[%emt 00:04:35]} f4
{[%clk 00:28:53]} {[%emt 00:02:12]} 42. Kxa6 {[%clk 00:25:13]} {[%emt
00:03:06]} f5 {[%clk 00:28:21]} {[%emt 00:01:02]} 43. Bf3 {[%clk 00:19:44]}
{[%emt 00:06:00]} Rxd3 {[%clk 00:27:29]} {[%emt 00:01:21]} 44. Rxd3 {[%clk
00:20:12]} {[%emt 00:00:02]} Rg8 {[%clk 00:25:26]} {[%emt 00:02:32]} 45. b5
{[%clk 00:15:35]} {[%emt 00:05:08]} Bxc5 {[%clk 00:15:56]} {[%emt 00:09:59]} 46.
b6+ {[%clk 00:16:01]} {[%emt 00:00:05]} Kb8 {[%clk 00:16:23]} {[%emt 00:00:03]}
47. Rd7 {[%clk 00:13:35]} {[%emt 00:02:57]} g4 {[%clk 00:15:41]} {[%emt
00:01:11]} 48. Bd5 {[%clk 00:12:39]} {[%emt 00:01:26]} 1-0

[Event "European Chess Club Cup 2023"]
[Site "Durres, Albania"]
[Date "2023.10.01"]
[Round "1.70"]
[White "Tsarouhas, Konstantinos"]
[Black "Greenfeld, Alon"]
[Result "0-1"]
[TimeControl "90' + 30' & 30\""]
[WhiteElo "2121"]
[BlackElo "2455"]

1. c4 {[%clk 01:30:55]} {[%emt 00:00:03]} Nf6 {[%clk 01:27:24]} {[%emt
00:03:37]} 2. Nc3 {[%clk 01:31:15]} {[%emt 00:00:10]} c5 {[%clk 01:26:37]}
{[%emt 00:01:18]} 3. Nf3 {[%clk 01:31:09]} {[%emt 00:00:34]} Nc6 {[%clk
01:23:47]} {[%emt 00:03:20]} 4. d4 {[%clk 01:30:01]} {[%emt 00:01:39]} cxd4
{[%clk 01:24:09]} {[%emt 00:00:08]} 5. Nxd4 {[%clk 01:30:27]} {[%emt 00:00:04]}
e6 {[%clk 01:22:40]} {[%emt 00:01:59]} 6. Ndb5 {[%clk 01:22:19]} {[%emt
00:08:38]} d5 {[%clk 01:16:12]} {[%emt 00:06:57]} 7. cxd5 {[%clk 01:19:33]}
{[%emt 00:03:17]} Nxd5 {[%clk 01:16:21]} {[%emt 00:00:20]} 8. e4 {[%clk
00:59:45]} {[%emt 00:20:19]} Nxc3 {[%clk 01:16:32]} {[%emt 00:00:18]} 9. Qxd8+
{[%clk 01:00:06]} Kxd8 {[%clk 01:16:42]} {[%emt 00:00:29]} 10. bxc3 {[%clk
00:54:24]} {[%emt 00:06:12]} Bc5 {[%clk 01:10:45]} {[%emt 00:06:26]} 11. Bf4
{[%clk 00:37:54]} {[%emt 00:17:02]} e5 {[%clk 00:55:50]} {[%emt 00:15:26]} 12.
Rd1+ {[%clk 00:32:07]} {[%emt 00:06:17]} Bd7 {[%clk 00:55:28]} {[%emt
00:00:51]} 13. Rd5 {[%clk 00:31:14]} {[%emt 00:01:24]} Bxf2+ {[%clk 00:39:35]}
{[%emt 00:16:23]} 14. Kxf2 {[%clk 00:31:37]} {[%emt 00:00:07]} exf4 {[%clk
00:40:01]} {[%emt 00:00:04]} 15. Be2 {[%clk 00:28:47]} {[%emt 00:03:20]} Ke7
{[%clk 00:39:35]} {[%emt 00:00:55]} 16. Rhd1 {[%clk 00:23:28]} {[%emt
00:05:50]} Be6 {[%clk 00:38:10]} {[%emt 00:01:54]} 17. R5d2 {[%clk 00:23:07]}
{[%emt 00:00:52]} Rhd8 {[%clk 00:35:04]} {[%emt 00:03:35]} 18. Nd6 {[%clk
00:18:55]} {[%emt 00:04:43]} b6 {[%clk 00:31:02]} {[%emt 00:04:31]} 19. Ba6
{[%clk 00:15:58]} {[%emt 00:03:27]} Ne5 {[%clk 00:28:14]} {[%emt 00:03:18]} 20.
h3 {[%clk 00:16:10]} {[%emt 00:00:19]} Rd7 {[%clk 00:24:38]} {[%emt 00:04:05]}
21. Rd4 {[%clk 00:12:02]} {[%emt 00:04:39]} g6 {[%clk 00:17:13]} {[%emt
00:07:54]} 22. a4 {[%clk 00:12:07]} {[%emt 00:00:26]} Rc7 {[%clk 00:13:44]}
{[%emt 00:03:59]} 23. Nb5 {[%clk 00:11:51]} {[%emt 00:00:45]} Rc5 {[%clk
00:13:44]} {[%emt 00:00:30]} 24. Bb7 {[%clk 00:06:33]} {[%emt 00:05:49]} Rb8
{[%clk 00:13:45]} {[%emt 00:00:28]} 25. Ba6 {[%clk 00:05:58]} {[%emt 00:01:06]}
Bc4 {[%clk 00:12:33]} {[%emt 00:01:42]} 26. R1d2 {[%clk 00:04:01]} {[%emt
00:02:27]} Bxb5 {[%clk 00:10:06]} {[%emt 00:02:57]} 27. Bxb5 {[%clk 00:04:25]}
{[%emt 00:00:05]} Rxc3 {[%clk 00:10:11]} {[%emt 00:00:26]} 28. Rd5 {[%clk
00:03:55]} {[%emt 00:01:00]} f6 {[%clk 00:10:06]} {[%emt 00:00:34]} 29. Rd6
{[%clk 00:03:01]} {[%emt 00:01:25]} Rbc8 {[%clk 00:08:56]} {[%emt 00:01:39]} 30.
Bd7 {[%clk 00:03:10]} {[%emt 00:00:21]} R8c7 {[%clk 00:08:43]} {[%emt
00:00:43]} 31. Bg4 {[%clk 00:02:21]} {[%emt 00:01:19]} Rc2 {[%clk 00:08:18]}
{[%emt 00:00:55]} 0-1